| 000 | 01499cam a2200409 a 4500 | ||
|---|---|---|---|
| 001 | 15065709 | ||
| 005 | 20201128013549.0 | ||
| 008 | 071031s2009 enka b 001 0 eng | ||
| 010 | _a2007045353 | ||
| 015 |
_aGBA856518 _2bnb |
||
| 016 | 7 |
_a014589365 _2Uk |
|
| 020 | _a9780415420037 (hardback : alk. paper) | ||
| 020 | _a0415420032 (hardback : alk. paper) | ||
| 020 | _a9780415420044 (paperback : alk. paper) | ||
| 020 | _a0415420040 (paperback : alk. paper) | ||
| 020 | _a9780203927830 (ebook) | ||
| 020 | _a0203927834 (ebook) | ||
| 035 | _a(OCoLC)ocn180577445 | ||
| 035 |
_a(OCoLC)180577445 _z(OCoLC)166360350 |
||
| 040 |
_aDLC _cDLC _dBAKER _dBTCTA _dUKM _dYDXCP _dBWKUK _dBWK _dCDX _dBWX _dDLC |
||
| 041 | 1 |
_aeng _hita |
|
| 050 | 0 | 0 |
_aTA705 _b.L265 2009 |
| 082 | 0 | 0 |
_a624.151 _222 _bLAN |
| 100 | 1 |
_aLancellotta, Renato. _92671 |
|
| 245 | 1 | 0 |
_aGeotechnical Engineering / _cRenato Lancellotta. |
| 250 | _a2nd ed. | ||
| 260 |
_aLondon ; _aNew York : _bTaylor & Francis, _cc2009. |
||
| 300 |
_axx, 499 p. : _bill. ; _c26 cm. |
||
| 500 | _a"First English language edition published 1995 by A.A. Balkema"--T.p. verso. | ||
| 504 | _aIncludes bibliographical references (p. [472]-493) and index. | ||
| 546 | _aTranslated from the Italian. | ||
| 650 | 0 |
_aEngineering geology. _92672 |
|
| 650 | 0 |
_aSoil mechanics. _92673 |
|
| 650 | 0 |
_aRock mechanics. _92674 |
|
| 942 |
_2ddc _cBB |
||
| 999 |
_c11096 _d11096 |
||